000 00680cam a22002413a 4500
001 2611
003 PGUSA
005 20140828083017.0
008 010501s2001||||xxu|||||s|||||000 | eng d
040 _aPGUSA
_beng
042 _adc
050 4 _aHN
100 1 _aGreenwood, William
245 1 0 _aConfiscation; An Outline
_h[electronic resource] /
_cWilliam Greenwood
260 _bProject Gutenberg,
_c2001
506 _aPublic domain in the USA.
516 _aElectronic text
653 _aUnited States -- Social conditions -- 1865-1918
653 _aConfiscations
830 0 _aProject Gutenberg
_v2611
856 4 0 _uhttp://www.gutenberg.org/ebooks/2611
942 _cEB
999 _c231948
_d231948